000 00461nam a2200193Ia 4500
008 170705s9999 xx 000 0 und d
020 _a9780545316606
245 4 _aThe night faries :
245 _bAnna the moonbeam fairy /
245 _cDaisy Meadows.
260 _aNew York :
260 _bScholastic,
260 _c2010
300 _a61 pages :
300 _bcolor illustration ;
300 _c19cm.
440 _aRainbow magic.
500 _a760
999 _c336400
_d336400